Colección de discursos parlamentarios, defensas forenses y producciones literarias / (Record no. 157979)

MARC details
000 -LEADER
campo de control de longitud fija 01013nam a2200217 i 4500
001 - NÚMERO DE CONTROL
campo de control 157979
003 - IDENTIFICADOR DE NÚMERO DE CONTROL
campo de control ES-MaACL
005 - FECHA Y HORA DE LA ÚLTIMA TRANSACCIÓN
campo de control 20250710212233.0
008 - DATOS DE LONGITUD FIJA--INFORMACIÓN GENERAL
campo de control de longitud fija 960320m18561857sp |||| |bspa d
100 1# - ENTRADA PRINCIPAL--NOMBRE DE PERSONA
Nombre de persona López, Joaquín María.
9 (RLIN) 73338
245 10 - MENCIÓN DEL TÍTULO
Título Colección de discursos parlamentarios, defensas forenses y producciones literarias /
Mención de responsabilidad, etc. de Joaquín María López ; publicados por Feliciano López.
260 ## - PUBLICACIÓN, DISTRIBUCIÓN, ETC.
Lugar de publicación, distribución, etc. Madrid :
Nombre del editor, distribuidor, etc. [s.n.],
Fecha de publicación, distribución, etc. 1856-1857 (
Fabricante Imprenta de Manuel Minuesa)
300 ## - DESCRIPCIÓN FÍSICA
Extensión 7 v. ;
Dimensiones 21 cm.
505 8# - NOTA DE CONTENIDO CON FORMATO
Nota de contenido con formato Contiene: T. 1, 2 y 3: Discursos parlamentarios - T. 4: Defensas forenses - T. 5 y 6: Producciones literarias - T. 7: Vida del Excmo. Sr. D. Joaquín María López, escrita por Fermín Caballero
600 04 - PUNTO DE ACCESO ADICIONAL DE MATERIA--NOMBRE DE PERSONA
Nombre de persona López, Joaquín María-
Subdivisión general Biografías.
9 (RLIN) 73339
700 1# - ENTRADA AGREGADA--NOMBRE PERSONAL
Nombre de persona López, Feliciano.
9 (RLIN) 129253
700 1# - ENTRADA AGREGADA--NOMBRE PERSONAL
Nombre de persona Caballero, Fermín,
Fechas asociadas al nombre 1800-1876
9 (RLIN) 33078
852 ## - LOCALIZACIÓN
Ubicación ES-MaACL
Número de control de estantería G-8358-64
Nota libre - Enc. hol.
852 ## - LOCALIZACIÓN
Ubicación ES-MaACL
Número de control de estantería C-3458-61
Nota libre - Enc. hol.
Holdings
Estatus retirado Estado de pérdida Estado de daño No para préstamo Colección Biblioteca de origen Biblioteca actual Ubicación en estantería Fecha de adquisición Total de préstamos Signatura topográfica completa Código de barras Visto por última vez Precio de reemplazo Tipo de ítem Koha
        Libros del s. XIX Biblioteca del Ateneo de Madrid Biblioteca del Ateneo de Madrid Sala Palomar 17/01/2008   C-3458-61 1165338 23/02/2023 23/02/2023 Libro impreso antiguo
        Libros del s. XIX Biblioteca del Ateneo de Madrid Biblioteca del Ateneo de Madrid Sala Pecera Planta 3 17/01/2008   G-8358-64 1165337 23/02/2023 23/02/2023 Libro impreso antiguo